Nhà nước pháp quyền Xã hội Chủ nghĩa Việt Nam của dân, do dân, vì dân : Lý luận và thực tiễn

Khái quát lịch sử hình thành và phát triển của học thuyết nhà nước pháp quyền (NNPQ). Chủ nghĩa Mác-Lênin, tư tưởng Hồ Chí Minh và quan điểm của Đảng Cộng sản Việt Nam về nhà nước và NNPQ. Khái niệm, những đặc trưng cơ bản và chức năng...

全面介紹

Đã lưu trong:
書目詳細資料
主要作者: Nguyễn, Duy Quý
格式: 圖書
語言:Undetermined
出版: Hà Nội Chính trị Quốc gia 2008
標簽: 添加標簽
沒有標簽, 成為第一個標記此記錄!
Thư viện lưu trữ: Trung tâm Học liệu Trường Đại học Cần Thơ
LEADER 01301nam a2200193Ia 4500
001 CTU_156575
008 210402s9999 xx 000 0 und d
020 |c 42000 
082 |a 320.4597 
082 |b Q523 
100 |a Nguyễn, Duy Quý 
245 0 |a Nhà nước pháp quyền Xã hội Chủ nghĩa Việt Nam của dân, do dân, vì dân : 
245 0 |b Lý luận và thực tiễn 
245 0 |c Nguyễn Duy Quý, Nguyễn Tất Viễn 
260 |a Hà Nội 
260 |b Chính trị Quốc gia 
260 |c 2008 
520 |a Khái quát lịch sử hình thành và phát triển của học thuyết nhà nước pháp quyền (NNPQ). Chủ nghĩa Mác-Lênin, tư tưởng Hồ Chí Minh và quan điểm của Đảng Cộng sản Việt Nam về nhà nước và NNPQ. Khái niệm, những đặc trưng cơ bản và chức năng của NNPQ xã hội chủ nghĩa (XHCN) của dân, do dân, vì dân. Thời kỳ quá độ lên CNXH và các yếu tố quy định, chi phối cũng như phương hướng và các giải pháp chủ yếu xây dựng NNPQXHCN ở Việt Nam 
980 |a Trung tâm Học liệu Trường Đại học Cần Thơ